000 00861nam a22001817a 4500
005 2012021608528.0
020 _c110.00
_a
035 _aB-177722
037 _bHN
_adpl
082 _a220
100 _aसांकृत्यायन, राहुल
_942282
245 1 _aऋग्वेदिक आर्यः ऐतिहासिक और सांस्कृतिक अध्ययन /
_cराहुल सांकृत्यायन
260 _aदिल्ली
_bकिताब महल
_c2004
270 _a
_bनई दिल्ली
_e
_k
300 _a364पृ.
_c22सेमी (अजिल्द)
942 _adpl
_cHN
_k
_2ddc
_h220
_mसांकृत्या
999 _c62993
_d62993